The Impact of Monetary Policy Instruments on the Euro Area Labor Market in the Context of COVID-19 Pandemic – Time-Varying Parameter VAR Model Approach

Skúmanie zjednodušeného vzťahu medzi úrokovou mierou, peňažným agregátom a mierou nezamestnanosti - aplikácia modelu VAR s premenlivými parametrami.

Gespeichert in:
Bibliographische Detailangaben
1. Verfasser: Oleš, Tomáš, 1996-
Format: Buchkapitel
Sprache:Englisch
Schlagworte:
Tags: Tag hinzufügen
Keine Tags, Fügen Sie das erste Tag hinzu!

MARC

LEADER 00000naa$a2200000$$$4500
001 0283823
005 20240502074409.3
041 0 |a eng 
044 |a SK 
245 1 0 |a The Impact of Monetary Policy Instruments on the Euro Area Labor Market in the Context of COVID-19 Pandemic – Time-Varying Parameter VAR Model Approach  |c Tomáš Oleš 
520 |a Skúmanie zjednodušeného vzťahu medzi úrokovou mierou, peňažným agregátom a mierou nezamestnanosti - aplikácia modelu VAR s premenlivými parametrami. 
610 2 0 |a politika menová 
610 2 0 |a trh práce 
610 2 0 |a eurozóna 
610 2 0 |a pandémia 
610 2 0 |a koronavírus 
610 2 0 |a model Value at Risk 
610 2 0 |a nezamestnanosť 
100 1 |a Oleš, Tomáš, 1996-